[Event "42nd Arco Festival 2020"]
[Site "Arco"]
[Date "2020.10.14"]
[Round "5.8"]
[White "Heinert, Eugen"]
[Black "Hagner, Bennet"]
[Result "1-0"]
[WhiteElo "2204"]
[BlackElo "2080"]
[Annotator "TA"]
[PlyCount "137"]
[EventDate "2020.10.10"]
[EventType "swiss"]
[EventCountry "ITA"]
[SourceTitle "playchess.com"]
[Source "ChessBase"]
[SourceQuality "1"]

{[%evp 10,137,0,-9,-6,-10,0,0,0,0,1,0,0,0,0,0,33,15,16,16,39,20,42,-12,38,50,108,105,107,101,131,128,134,155,143,137,145,135,138,138,150,145,198,199,187,188,193,200,197,203,193,176,150,116,130,143,141,135,140,148,137,148,144,147,136,143,143,140,181,163,163,163,163,163,245,237,225,200,301,290,653,600,566,262,246,246,575,246,906,616,587,578,439,435,29966,29970,29971,29972,29974,29974,29973,29974,29974,29975,29975,29976,29977,29978,29979,29980,29980,29981,29980,29980,29980,29980,29979,29980,29980,29981,29985,29986,29986,29987,29987,29988,29990,29991,29992,4810]} 1. e4 e5 2. Bc4 Nf6 3. d3 Bc5 4. Nc3 c6 5. Nf3 d6 6. h3 a5 {Hoping for ...b5. C27: Vienna Game: 2...Nf6 3 Bc4 Nxe4.} 7. a3 Bb6 8. O-O O-O {[#] The position is equal.} 9. Ba2 $146 ({Predecessor:} 9. Bg5 Be6 10. Qd2 Nbd7 11. Rfe1 Bd4 12. Nd1 Qc7 13. c3 Ba7 14. Bxe6 fxe6 15. Be3 {1-0 (41) Engert,I-Von Saldern,R Minden 1959}) 9... Nbd7 10. Re1 Re8 11. Ne2 Nf8 12. Ng3 Ng6 13. c3 h6 14. d4 Qc7 15. a4 Bd7 16. Qc2 (16. Be3 $14) 16... Rad8 17. Be3 Bc8 (17... Be6 $14) 18. dxe5 $16 Nxe5 19. Nxe5 Rxe5 {[#]} 20. Bxf7+ $1 {[%mdl 576] Decoy} Kxf7 (20... Qxf7 21. Bxb6) 21. Qb3+ {[%mdl 64] Double Attack} Nd5 22. exd5 Bxe3 23. Rxe3 cxd5 24. Rae1 Be6 {[#]} 25. Qd1 $1 Kg8 (25... Rf8 $16 {was worth a try.} 26. Qe2 b6) 26. Qd4 $18 Rxe3 27. Rxe3 ({But not} 27. Qxe3 $6 Re8 $16) 27... Re8 28. Nh5 {And now Nxg7! would win.} Kh8 29. Rg3 {[%cal Rg3g7]} Re7 30. Rg6 Qc4 {next ...Qxd4 is good for Black.} 31. Rxh6+ Kg8 32. Rg6 {[%cal Rg6g7]} Qxd4 33. cxd4 $16 {[%mdl 4096] Endgame aiming for Nxg7! KRB-KRN} Kh7 34. Nf4 Rf7 35. Rxe6 Rxf4 36. Rxd6 Rxd4 {KR-KR} 37. b3 Rd1+ 38. Kh2 Rd2 39. f3 d4 40. Rb6 d3 41. Rxb7 Rb2 {[#]} (41... Kg6 {was called for.} 42. b4 axb4 43. Rxb4 Kf6) 42. Rb5 $1 $18 d2 43. Rd5 Kh6 (43... Kg6 $142 44. Kg3 Rxb3) 44. h4 Rxb3 $2 (44... Kg6 45. Kg3 Rxb3 46. Rxd2 Rb4 47. h5+ Kh7) 45. Rxd2 Rb4 46. Rd6+ (46. g4 $142 Rxa4 47. Kg3) 46... Kh7 47. Kh3 Rxa4 $2 (47... g6 48. Ra6 Rxa4) 48. Ra6 (48. h5 $142 Rf4 49. Ra6) 48... Ra1 $2 (48... g6 49. g4 Kg7 50. Ra7+ Kf8 51. Ra8+ Kg7) 49. Kg4 a4 50. f4 a3 51. Kg5 Ra2 (51... Rg1 $18 52. g4 (52. Rxa3 Rxg2+ 53. Kf5 g6+ 54. Ke6 Rg4 $11) 52... Rg3) 52. g4 {White mates.} Ra1 53. f5 a2 54. Ra8 Rb1 55. Rxa2 Rb6 56. Re2 Rb5 57. h5 Rb4 58. Re6 Rb5 59. h6 gxh6+ 60. Rxh6+ Kg7 61. Rd6 Rb7 62. f6+ Kf7 63. Rd5 Ke6 64. Ra5 Kf7 65. Kf5 Rb1 66. Ra7+ Kf8 67. Kg6 Rb8 68. Rh7 {[%cal Rh7h8]} Kg8 69. f7+ {Av CentiPawn Loss W=-34/B=-41. Weighted=-23/-59} 1-0

[Event "42nd Arco Festival 2020"]
[Site "Arco"]
[Date "2020.10.14"]
[Round "5.9"]
[White "Kostov, Deyan Samuil"]
[Black "Ruecker, Benjamin"]
[Result "1/2-1/2"]
[WhiteElo "2065"]
[BlackElo "2202"]
[Annotator "TA"]
[PlyCount "24"]
[EventDate "2020.10.10"]
[EventType "swiss"]
[EventCountry "ITA"]
[SourceTitle "playchess.com"]
[Source "ChessBase"]
[SourceQuality "1"]

{[%evp 9,24,6,14,-17,-17,-13,-3,-12,-3,-11,-20,-31,12,-55,-18,-18,0]} 1. d4 Nf6 2. Bg5 c5 3. Bxf6 gxf6 4. d5 Qb6 5. Qc1 f5 6. Nf3 {A45: Trompowsky Attack.} Bg7 7. c3 d6 8. e3 Nd7 {[#]} 9. Bc4 $146 ({Predecessor:} 9. a4 Qb3 10. Qd2 Nf6 11. Bb5+ Bd7 12. Bxd7+ Kxd7 13. O-O Qxd5 14. Qe2 Ne4 15. Rd1 Qc6 {0-1 (35) Glidzhain,G (2285)-Karabakhtsian,A (2319) Anapa 2009}) 9... Nf6 10. O-O O-O 11. Na3 ({Better is} 11. Nh4 $11) 11... Bd7 12. Qc2 e5 {An uneventful encounter.} 1/2-1/2

[Event "42nd Arco Festival 2020"]
[Site "Arco"]
[Date "2020.10.14"]
[Round "5.10"]
[White "Bergero, Simone"]
[Black "Podetti, Davide"]
[Result "0-1"]
[WhiteElo "1961"]
[BlackElo "2190"]
[Annotator "TA"]
[PlyCount "26"]
[EventDate "2020.10.10"]
[EventType "swiss"]
[EventCountry "ITA"]
[SourceTitle "playchess.com"]
[Source "ChessBase"]
[SourceQuality "1"]

{[%evp 9,26,-40,-35,-39,-30,-85,-68,-94,-95,-150,-157,-302,-295,-461,-453,-698,-660,-743,-715]} 1. d4 Nf6 2. Bg5 e6 3. Nc3 h6 4. Bh4 d5 5. Qd2 Nbd7 6. Nf3 {[#] D01: Veresov Opening.} Be7 $146 ({Predecessor:} 6... c5 7. e3 a6 8. Be2 Be7 9. O-O O-O 10. Rad1 b5 11. dxc5 b4 12. Na4 Qa5 {½-½ (38) Golcman,E (2323)-Ulanowski,K (2054) Liberec 2012}) 7. g4 (7. e3 $11 {remains equal.}) 7... c5 ({Of course not} 7... Nxg4 $6 8. Bxe7 Qxe7 9. Qf4 $11) 8. Rg1 {Black is slightly better.} a6 9. O-O-O {[#]} (9. dxc5 $142 Nxc5 10. O-O-O) 9... b5 $1 $17 10. Ne5 {[#]} (10. g5 $17 hxg5 11. Qxg5) 10... cxd4 $1 $19 11. Nc6 (11. Nxd5 {was worth a try.} Nxd5 12. Bxe7 Qxe7 13. Nxd7 Bxd7 14. Qxd4) 11... dxc3 {Black is clearly winning.} 12. Qf4 (12. Qxc3 $142 Qc7 13. Bg3) 12... cxb2+ 13. Kb1 g5 {[%mdl 64] Double Attack. Black took control after the opening.} 0-1

[Event "42nd Arco Festival 2020"]
[Site "Arco"]
[Date "2020.10.14"]
[Round "5.11"]
[White "Molina, Fabrizio"]
[Black "Wollenweber, Carsten"]
[Result "1-0"]
[WhiteElo "2181"]
[BlackElo "2071"]
[Annotator "TA"]
[PlyCount "82"]
[EventDate "2020.10.10"]
[EventType "swiss"]
[EventCountry "ITA"]
[SourceTitle "playchess.com"]
[Source "ChessBase"]
[SourceQuality "1"]

{[%evp 10,82,8,3,35,32,29,31,77,68,213,215,226,208,256,262,361,362,338,359,373,339,374,384,390,377,400,383,455,382,472,421,443,427,435,429,404,397,575,562,596,584,587,569,516,485,897,625,612,619,741,734,719,729,698,686,1124,1122,1248,1239,1378,1213,1614,997,1529,1403,6229,5929,6628,5577,6316,6064,5895,5044,29993]} 1. c4 g6 2. g3 e5 3. Bg2 Bg7 4. Nc3 Nc6 5. Rb1 d6 6. b4 {[%cal Bb2b4,Bb4b5,Bb5b6,Bb6b7][%mdl 32]} Rb8 {A25: English Opening vs King's Indian with ...Nc6 but without early d3.} 7. d3 f5 8. b5 Nce7 {White is slightly better.} 9. Qa4 {[#]} Ra8 $146 (9... b6 $14) ({Predecessor:} 9... b6 10. Bd2 Bb7 11. e4 Nf6 12. Nge2 Nd7 13. O-O Nc5 14. Qc2 O-O 15. f4 Kh8 {1-0 (34) Marschner,J-Boog,F Germany North 1976}) 10. b6+ $1 $18 {[%mdl 64] Discovered Attack} c6 {[#]} 11. Nd5 $1 {[%cal Rd5c7] Black must now prevent Nc7+.} (11. bxa7 e4 $16) 11... Nxd5 12. cxd5 Bd7 13. dxc6 bxc6 {[#]} 14. b7 $1 {[%cal Rb7a8]} ({Weaker is} 14. Bxc6 Ne7 $16) ({Less strong is} 14. bxa7 Qc7 $16) 14... Rb8 15. Qxa7 Ne7 16. Bd2 {Strongly threatening Ba5.} O-O 17. Ba5 Qe8 18. Nh3 f4 19. Ng5 d5 20. O-O h6 21. Nf3 e4 22. dxe4 dxe4 23. Nd2 f3 (23... Nd5 {was called for.} 24. Nxe4 Bg4) 24. exf3 {White is clearly winning.} exf3 25. Nxf3 Nd5 26. Rfe1 Qf7 {If Black can now play ...Bf5 this consolidates a bit.} 27. Ne5 Qf5 (27... Bxe5 $142 28. Rxe5 Bg4) 28. Nxd7 Qxd7 29. Bxd5+ cxd5 30. Bd2 g5 31. a4 {[%cal Ba2a4,Ba4a5][%mdl 32]} d4 32. a5 Qf5 33. Rf1 Be5 34. Qc5 Qf6 35. Qd5+ Kg7 36. Rb6 Qf5 37. Re6 Rbe8 38. Rxe8 Rxe8 39. a6 Qf6 40. a7 Rd8 41. Qe4 Ra8 {Black got outplayed after the opening. Av CentiPawn Loss W=-110/B=-155. Weighted=-94/-214} 1-0

[Event "42nd Arco Festival 2020"]
[Site "Arco"]
[Date "2020.10.14"]
[Round "5.12"]
[White "Poschadel, Andreas Gregor"]
[Black "Perman, Sergey"]
[Result "1/2-1/2"]
[WhiteElo "1946"]
[BlackElo "2154"]
[Annotator "TA"]
[PlyCount "83"]
[EventDate "2020.10.10"]
[EventType "swiss"]
[EventCountry "ITA"]
[SourceTitle "playchess.com"]
[Source "ChessBase"]
[SourceQuality "1"]

{[%evp 17,83,38,71,50,61,37,41,35,47,43,49,42,36,36,39,38,32,39,49,48,64,24,25,18,10,22,61,53,47,11,18,0,0,0,-3,-11,0,-17,-14,-12,-10,-20,-16,-19,0,0,0,-23,-14,-16,-7,-101,-110,-105,0,-121,0,0,0,0,0,0,0,0,0,0,0,0]} 1. d4 Nf6 2. c4 g6 3. Nc3 Bg7 4. e4 d6 5. Nf3 O-O 6. Be2 Bg4 7. Be3 Nfd7 8. Ng1 Bxe2 9. Ngxe2 Nc6 10. O-O {E91: King's Indian: Classical: 6 Be2, unusual replies including 6...c5 and 6...Bg4.} e5 11. b3 exd4 12. Nxd4 {White is slightly better.} Nde5 13. Rc1 Re8 {[#]} 14. f3 $146 ({Predecessor:} 14. h3 Nb4 15. Qd2 Nbd3 16. Rcd1 Nc5 17. Bg5 Qc8 18. f3 Nc6 19. Nc2 Ne6 20. Bh6 {1-0 (64) De Carbonnel,H-Blazi,J Tirschenreuth 1982}) 14... Nxd4 15. Bxd4 Bh6 16. Rc2 Nc6 17. Bf2 Nb4 18. Re2 c6 19. a3 Na6 20. Bg3 Qa5 21. Nb1 Rad8 22. b4 Qh5 23. Rfe1 Nc7 24. Nc3 Ne6 25. Qd3 ({Wrong is} 25. Bxd6 $2 Bf4 $19) 25... Bf4 26. Rc2 Qe5 27. Ne2 Bxg3 28. hxg3 d5 29. cxd5 cxd5 30. Qc3 d4 31. Qd3 a5 32. Kf2 axb4 33. axb4 Rc8 34. Nf4 (34. f4 $11 Qd6 35. Rxc8 Rxc8 36. f5) 34... Nxf4 $17 35. gxf4 Qf6 (35... Qxf4 $17 36. Rec1 Rxc2+ 37. Rxc2 Qh4+ 38. Ke2 Qh2) 36. Rb1 (36. Kg3 $11) 36... Qb6 ({Black should play} 36... Rxc2+ $17 37. Qxc2 Qxf4) 37. Rc4 {The position is equal.} Rxc4 38. Qxc4 d3+ 39. Qc5 Qf6 40. Ke3 Rd8 41. Qe5 Qa6 42. Qa5 {Av CentiPawn Loss W=-13/B=-10. Weighted=-23/-16} 1/2-1/2

[Event "42nd Arco Festival 2020"]
[Site "Arco"]
[Date "2020.10.14"]
[Round "5.13"]
[White "Sedina, Elena"]
[Black "Hartz, Erik"]
[Result "1-0"]
[WhiteElo "2299"]
[BlackElo "2014"]
[Annotator "TA"]
[PlyCount "115"]
[EventDate "2020.10.10"]
[EventType "swiss"]
[EventCountry "ITA"]
[SourceTitle "playchess.com"]
[Source "ChessBase"]
[SourceQuality "1"]

{[%evp 14,115,47,43,53,52,50,35,43,41,42,22,31,39,45,43,77,80,72,83,89,81,79,64,99,92,119,115,109,118,111,0,102,108,106,119,114,104,88,97,83,77,122,115,96,110,143,152,187,203,232,223,212,231,203,185,185,170,167,169,200,0,163,143,176,158,227,207,460,454,545,306,327,323,323,309,309,318,291,291,627,683,675,668,677,675,654,641,1017,1014,1011,1008,1008,996,981,917,962,943,1471,1151,2050,1989,6295,1579]} 1. e4 d6 2. d4 Nf6 3. Nc3 Nbd7 4. Nf3 e5 5. Bc4 Be7 6. O-O c6 7. a4 {[%cal Ba2a4,Ba4a5][%mdl 32]} Qc7 8. Re1 h6 {C41: Philidor Defence.} 9. Be3 Nf8 10. a5 Ng6 {White is slightly better.} 11. h3 O-O 12. Bb3 Bd7 {[#]} 13. Qd2 $146 ({Predecessor:} 13. d5 c5 14. Ba4 Bxa4 15. Rxa4 Qd7 16. b3 b5 17. axb6 axb6 18. Qd3 Rxa4 19. bxa4 {1-0 (40) Brendel,B (1965)-Hildenbrand,P (2248) Neustadt an der Weinstrasse 2019}) 13... Kh7 14. Red1 $36 {[%mdl 2048] White has good play.} Be6 15. Bxe6 fxe6 16. dxe5 dxe5 17. Qe2 Bb4 18. a6 b5 19. Na2 Be7 20. c4 b4 21. c5 Nxe4 22. Qc2 ({White should try} 22. Nxb4 $16 {Threatens to win with Qc2.} Nf6 23. Ra4) 22... Nf6 (22... Nxf2 $1 $11 23. Bxf2 b3) 23. Nh4 $16 e4 24. Nxg6 Kxg6 25. Nxb4 Rab8 26. Qc4 Kh7 27. Nc2 e5 28. b4 Qc8 29. Bd2 Nd5 30. Qxe4+ Kh8 31. Ra3 Qe6 {[#]} 32. Nd4 $1 {[%mdl 512]} Qd7 {[#]} (32... exd4 33. Qxe6) 33. Nf3 $1 {[%cal Rf3e5]} ({But not} 33. Qxe5 Bf6 $16) 33... Bf6 34. Re1 Rfe8 35. Raa1 Rbd8 36. Rab1 Qc8 37. Ra1 $2 ({White should play} 37. h4 $18) 37... Nf4 $2 (37... Qd7 $1 $11 {and Black has nothing to worry.}) 38. Ra3 $18 Ne6 39. Qf5 Qd7 (39... Nd4 $16 40. Qg6 Qf5 41. Qxf5 Nxf5) 40. Bxh6 $1 Nxc5 $2 (40... Nd4 {was necessary.} 41. Qxd7 Rxd7 42. Nxd4 Rxd4) 41. Qh5 Nd3 42. Rd1 e4 43. Bg5+ Kg8 44. Bxf6 gxf6 45. Ne1 Re5 46. Qh4 {Strongly threatening Nxd3.} Qe7 $2 (46... Qf5 47. Rc3 Red5 48. Rxc6 Qf4 49. Qxf4 Nxf4 50. Rxd5 Nxd5) 47. Nxd3 {White is clearly winning.} exd3 48. Raxd3 Re1+ 49. Kh2 {White wants to mate with Rg3+.} Rxd1 50. Rg3+ Kf8 {Hoping for ...Qe5.} 51. Qh8+ Kf7 52. Rg7+ {[%mdl 64] Skewer} Ke6 53. Rxe7+ Kxe7 54. Qg7+ Ke6 55. Qxa7 R1d7 56. Qb6 Kd6 57. a7 Ra8 58. Qb8+ {Av CentiPawn Loss W=-41/B=-82. Weighted=-24/-92} (58. Qc5+ $142 Kc7 59. b5) 1-0

[Event "42nd Arco Festival 2020"]
[Site "Arco"]
[Date "2020.10.14"]
[Round "5.14"]
[White "Vezzosi, Paolo"]
[Black "von Wantoch, Markus"]
[Result "1-0"]
[WhiteElo "2262"]
[BlackElo "1992"]
[Annotator "TA"]
[PlyCount "63"]
[EventDate "2020.10.10"]
[EventType "swiss"]
[EventCountry "ITA"]
[SourceTitle "playchess.com"]
[Source "ChessBase"]
[SourceQuality "1"]

{[%evp 12,63,25,16,8,11,60,41,42,37,31,36,83,71,71,82,118,78,79,66,200,193,198,192,200,198,427,302,394,366,359,270,426,415,699,444,493,496,608,580,631,612,617,545,763,486,729,741,1025,783,3193,3032,6299,5297]} 1. c4 e5 2. g3 g6 3. Bg2 Bg7 4. Nc3 d6 5. e3 Nc6 6. Nge2 Nf6 7. O-O h5 {A25: English Opening vs King's Indian with ...Nc6 but without early d3.} 8. d4 {[#]} exd4 $146 ({Predecessor:} 8... h4 9. d5 Nb8 10. e4 hxg3 11. hxg3 Nbd7 12. Bg5 Bh6 13. Bxh6 Rxh6 14. Qd2 Rh7 15. b4 {1-0 (44) Flores,D (2599)-Name,G (2170) Campinas 2010}) 9. Nxd4 (9. exd4 {feels hotter.} O-O 10. Bg5 Qd7 11. Qd2 Ne7 12. Bh6) 9... Nxd4 {White is slightly better.} 10. exd4 O-O 11. Bg5 Qd7 12. Qd2 $36 {[%mdl 2048] Keeping Black busy.} Nh7 13. Bf4 h4 14. Rfe1 h3 15. Bh1 c6 {[#] Black cannot hold the game after this.} (15... Qd8 $14) 16. d5 $1 $18 Rd8 17. Re2 c5 {[#]} 18. Rae1 $1 Qg4 $2 (18... Bf8 19. Bh6 Rb8) 19. Ne4 Be5 20. Bxe5 dxe5 21. f3 Qh5 (21... Qd7 $142 22. Nf2 Qd6 23. Rxe5 Bd7) 22. Nxc5 Ng5 (22... f6 $142 23. d6 g5 24. Qd5+ Qf7) 23. Ne4 {White is clearly winning.} Nh7 24. Nf2 f6 25. f4 Bg4 26. Nxg4 Qxg4 27. fxe5 fxe5 28. Re4 Qc8 (28... Qe6 $142 29. Qc3 Qf6 30. Rxe5 Rf8) 29. b4 Rf8 30. d6 a5 31. Rxe5 axb4 32. Bd5+ {Av CentiPawn Loss W=-95/B=-159. Weighted=-99/-125} 1-0

[Event "42nd Arco Festival 2020"]
[Site "Arco"]
[Date "2020.10.14"]
[Round "5.16"]
[White "Trabattoni, Franco"]
[Black "Schoebel-Kroehn, Lucas"]
[Result "1-0"]
[WhiteElo "2246"]
[BlackElo "1964"]
[Annotator "TA"]
[PlyCount "93"]
[EventDate "2020.10.10"]
[EventType "swiss"]
[EventCountry "ITA"]
[SourceTitle "playchess.com"]
[Source "ChessBase"]
[SourceQuality "1"]

{[%evp 17,93,12,27,12,44,20,56,21,37,20,17,22,22,24,44,41,39,37,41,35,35,34,40,42,47,45,41,30,35,37,40,12,51,21,60,0,0,0,39,37,40,39,45,34,63,63,69,61,63,31,70,10,37,21,661,672,635,643,1323,1300,1309,1293,1266,1259,1188,1054,1789,1704,2197,2184,2125,2004,1863,1651,5513,5565,29988,29989]} 1. e4 c5 2. Nf3 Nc6 3. Bb5 g6 4. Bxc6 dxc6 5. O-O Bg7 6. Nc3 Nf6 7. d3 O-O 8. Be3 b6 9. h3 Qc7 10. Qd2 {B31: Sicilian: 2...Nc6 3 Bb5 g6.} Re8 11. Bh6 Bh8 12. Rae1 {White is slightly better.} e5 {[#]} 13. Nh4 $146 ({Predecessor:} 13. Nh2 Nh5 14. Ne2 Be6 15. g4 Ng7 16. f4 exf4 17. Bxf4 Qd7 18. Nf3 h5 19. Ne5 {1-0 (41) Burg,T (2498)-Afek,Y (2311) Groningen 2012}) 13... Nh5 14. Ne2 Bf6 15. Nf3 Ng7 16. Ng5 Ne6 17. Nxe6 Bxe6 18. f4 exf4 19. Bxf4 Be5 20. b3 Bxf4 21. Nxf4 Qe5 22. Kh1 Rad8 23. Qf2 Bc8 24. g4 Re7 25. Ng2 Qg5 26. Qf6 ({White should play} 26. Nh4 $14) 26... Qxf6 $11 27. Rxf6 Re6 28. Ref1 Rxf6 29. Rxf6 $14 {[%mdl 4096] Endgame KRB-KRN} Be6 30. Nf4 Re8 31. g5 Kf8 32. Kg2 Bd7 33. h4 Re5 34. Kg3 (34. Kf3 $14) 34... Ke7 35. Ng2 h6 $2 {[%mdl 8192] [#] Now Black is done in.} (35... c4 $11) 36. Kf4 $18 Re6 37. Rxe6+ Bxe6 38. gxh6 {KB-KN} Kf8 39. Kg5 Kg8 40. Nf4 Bd7 41. e5 b5 42. Kf6 c4 43. dxc4 bxc4 {[#]} 44. h7+ $1 {[%mdl 576] Deflection} Kxh7 45. Kxf7 Bf5 46. e6 c3 47. e7 {Av CentiPawn Loss W=-24/B=-123. Weighted=-25/-102} 1-0

[Event "42nd Arco Festival 2020"]
[Site "Arco"]
[Date "2020.10.14"]
[Round "5.18"]
[White "Astengo, Corrado"]
[Black "Kostov, Kiril"]
[Result "1-0"]
[WhiteElo "2093"]
[BlackElo "1894"]
[Annotator "TA"]
[PlyCount "79"]
[EventDate "2020.10.10"]
[EventType "swiss"]
[EventCountry "ITA"]
[SourceTitle "playchess.com"]
[Source "ChessBase"]
[SourceQuality "1"]

{[%evp 15,79,10,32,-43,35,-28,0,0,25,-54,-25,-25,218,138,178,184,604,424,377,287,626,633,626,631,1011,1011,981,969,984,985,881,769,1103,1094,1049,771,747,529,525,511,433,290,549,549,506,359,312,335,495,433,3175,2873,2025,1941,5414,5414,29986,29987,29989,29990,29992,29993,29994,29995,29995,29993]} 1. e4 c5 2. Nf3 d6 3. d4 cxd4 4. Nxd4 Nf6 5. Nc3 a6 6. Bg5 Nbd7 7. Bc4 e6 8. f4 b5 {was the old line (8...Qb6).} 9. Bb3 {B96: Sicilian Najdorf: 6 Bg5 e6 7 f4, lines other than 7...Qb6 and 7...Be7.} (9. Bxe6 $1 $14 fxe6 10. Nxe6) 9... h6 (9... b4 $15 10. Nce2 Bb7) 10. Bh4 (10. Bxf6 $14 Nxf6 11. f5) 10... b4 {[#]} 11. Na4 $146 {The position is equal.} ({Predecessor:} 11. Nb1 Bb7 12. Nd2 Nc5 13. Qe2 Be7 14. O-O-O Nfxe4 15. Nxe4 Bxe4 16. Bxe7 Qxe7 17. Ba4+ Nxa4 18. Qxe4 {0-1 (25) Ruiz Castillo,J (2393)-Hernandez,C (2256) Quibdo 2015}) 11... Bb7 12. Qe2 {[#]} (12. f5 $11 e5 13. Ne6 fxe6 14. fxe6) 12... g5 $1 {[%mdl 512]} 13. fxg5 Nxe4 $2 {Loses the game.} (13... hxg5 $11 {and Black stays safe.} 14. Bxg5 Qa5 15. Bxf6 Nxf6) 14. Qh5 Nxg5 15. Nxe6 Qe7 $2 (15... Qa5 16. O-O (16. Nxg5 Qe5+ {[%mdl 64] Pin} 17. Kd1 O-O-O $11) 16... Nf6 17. Nc7+ (17. Rxf6 $2 Nh3+ {[%mdl 64] Discovered Attack} 18. gxh3 Qxh5 $19) 17... Kd7) 16. O-O-O {Hoping for Rhe1.} Nf6 17. Bxg5 hxg5 $2 (17... Nxh5 18. Bxe7 fxe6) 18. Qxh8 $18 fxe6 19. Rhf1 Nd7 20. Qh5+ Kd8 21. Rf7 Qe8 22. Qxg5+ Kc7 23. Rdf1 d5 24. Qe3 Rc8 25. Nb6 Bh6 26. Qxh6 Kxb6 27. Qe3+ Nc5 28. Rf8 Qb5 $2 (28... Qxf8 29. Rxf8 Rxf8) 29. h4 a5 30. a4 bxa3 31. bxa3 a4 (31... Ka6 {might work better.}) 32. Ba2 e5 (32... Ka6 $142 33. R1f7 Rc6) 33. R1f6+ Ka7 34. Rxc8 {[%mdl 64] Overworked Piece} Bxc8 35. Bxd5 Bd7 36. h5 {White mates.} e4 37. h6 Bf5 38. Rxf5 Qb6 39. Rf7+ Kb8 {[#]} 40. Rb7+ $1 {[%mdl 64] Back Rank, Promotion. Av CentiPawn Loss W=-63/B=-114. Weighted=-68/-164} 1-0

[Event "42nd Arco Festival 2020"]
[Site "Arco"]
[Date "2020.10.14"]
[Round "6.1"]
[White "Siebrecht, Sebastian"]
[Black "Moroni, Luca Jr"]
[Result "1/2-1/2"]
[WhiteElo "2416"]
[BlackElo "2551"]
[Annotator "TA"]
[PlyCount "26"]
[EventDate "2020.10.10"]
[EventType "swiss"]
[EventCountry "ITA"]
[SourceTitle "playchess.com"]
[Source "ChessBase"]
[SourceQuality "1"]

{[%evp 16,26,6,1,7,-23,17,5,19,22,22,9,23]} 1. Nf3 Nf6 2. g3 b6 3. Bg2 Bb7 4. c4 e6 5. O-O Be7 6. Nc3 O-O 7. d4 Ne4 8. Nxe4 {8.Bd2 is the modern continuation.} Bxe4 9. Re1 {[#]} Bf6 $5 $146 {[%mdl 8] New and interesting. A17: English Opening: 1...Nf6 with ...Bb4.} ({Predecessor:} 9... d6 10. d5 e5 11. b3 a5 12. Bb2 Bxf3 13. Bxf3 f5 14. e4 f4 15. Bg4 Nd7 16. a3 Qe8 17. b4 axb4 18. axb4 Rxa1 19. Bxa1 {½-½ (61) Abdusattorov,N (2516)-Onischuk,A (2681) chess.com INT 2018}) 10. Bf1 Bxf3 11. exf3 {The position is equal.} d5 12. cxd5 Qxd5 13. Bd3 {[#] aiming for Be4.} Qxd4 {Not much happened in this game.} 1/2-1/2